Mechanika. 3. časť, pevnosť a tuhosť strojových súčiastok a konštrukcií /

Saved in:
Bibliographic Details
Main Author: Binder, Róbert 1897-1980, st
Format: Book
Language:Slovak
Published: Bratislava : Slovenské vydavateľstvo technickej literatúry, 1966
Edition:[1. vyd.]
Online Access: Get full text
Tags: Add Tag
No Tags, Be the first to tag this record!

MARC

LEADER 00000cam a2200000 4500
003 SK-BrCVT
005 20220617222448.0
008 070412s1966 cs e ||||||slo d
035 |a CVTIDW1406797 
040 |b slo  |a CVTI SR  |e AACR2 
041 0 |a slo 
044 |a cs 
080 |a 539.3/.4  |2 UDC-MRF 
100 1 |a Binder, Róbert  |d 1897-1980,  |c st. 
245 1 0 |a Mechanika.  |n 3. časť,  |p pevnosť a tuhosť strojových súčiastok a konštrukcií /  |c Róbert Binder 
250 |a [1. vyd.] 
260 |a Bratislava :  |b Slovenské vydavateľstvo technickej literatúry,  |c 1966 
300 |a 414 s. :  |b grafy, lit., obr., tab. ; 
910 |b A197217 - A197220 
974 |f Knihy 
992 |a AUC 
999 |c 151392  |d 151392